Konzultace za pár stovek
Poskytovanie poradenských a konzultačných služieb prostredníctvom Konzultačného strediska pre podnikateľov. Organizácia je financovaná z prostriedkov americkej nadácie ako pobočka Central Europe Institut. Stredisko sa zameriava poradenstvom pre malých a stredných podnikateľov, pomáha pri rozvoji mie...
Salvato in:
| Autore principale: | |
|---|---|
| Natura: | Capitolo di libro |
| Lingua: | ceco |
| Soggetti: | |
| Tags: |
Nessun Tag, puoi essere il primo ad aggiungerne!!
|
MARC
| LEADER | 00000naa a2200000 4500 | ||
|---|---|---|---|
| 001 | r012462 | ||
| 005 | 20220826092542.7 | ||
| 041 | 0 | |a cze | |
| 044 | |a CZ | ||
| 245 | 1 | 0 | |a Konzultace za pár stovek |c M. Prášek |
| 520 | |a Poskytovanie poradenských a konzultačných služieb prostredníctvom Konzultačného strediska pre podnikateľov. Organizácia je financovaná z prostriedkov americkej nadácie ako pobočka Central Europe Institut. Stredisko sa zameriava poradenstvom pre malých a stredných podnikateľov, pomáha pri rozvoji miestnej infraštruktúry, napomáha pri spolupráci s väčšími podnikmi, poskytuje pomoc pri spracovávaní podnikateľského zámeru. | ||
| 610 | 2 | 0 | |a poradenstvo |
| 610 | 2 | 0 | |a konzultanti |
| 610 | 2 | 0 | |a podnikatelia |
| 610 | 2 | 0 | |a Čechy |
| 610 | 2 | 0 | |a nadácie |
| 610 | 2 | 0 | |a USA |
| 610 | 2 | 0 | |a Central Europe Institut |
| 610 | 2 | 0 | |a Konzultačné stredisko pre podnikateľov |
| 100 | 1 | |a Prášek, M. | |